| 000 | 00477nam a2200157 a 4500 | ||
|---|---|---|---|
| 005 | 20140412111349.0 | ||
| 008 | 050420s19uu xx 00 eng d | ||
| 050 |
_aER _bAn51 2000 |
||
| 245 |
_aAnimal baby. / _cCover illustrations by Mike Speiser. |
||
| 260 |
_aVirginia : _bWAB Wild Alphabet, _c2000. |
||
| 300 | _a1 v. (unp.) ; ill. | ||
| 440 | _aNational Wildlife Federation | ||
| 500 | _aMagazine-November 2000 | ||
| 650 |
_aAnimal _xJuvenile literature |
||
| 999 |
_c105272 _d105272 |
||